Open Data Biblioteca Nacional de Portugal


República Portuguesa: Ministério da Cultura
Biblioteca Nacional de Portugal

Catálogo da BNP: acesso por Identificadores Unívocos
Registos Bibliográficos associados ao registo de autoridade

Etiqueta de registo: 00254nam 2200025 450
001 2206057
003 http://id.bnportugal.gov.pt/bib/catbnp/2206057
010 ## $a978-989-9216-05-1
021 ## $aPT$b536837/24
100 ## $a20250225d2024 m y0pory01030103ba
101 1# $apor$ceng
102 ## $aPT
105 ## $ay z 000yy
106 ## $ar
200 1# $aRobôs sexuais e carne vegana$eexperiências radicais no mundo do sexo e da alimentação, do nascimento e da morte$fJenny Kleeman$gtrad. Sara Veiga
205 ## $a1ª ed
210 #9 $aLisboa$cZigurate,$d2024
215 ## $a359, [1] p.$d23 cm
304 ## $aTít. orig.: Sex robots & vegan meat
675 ## $a007$vBN$zpor$3288362
675 ## $a316.42$vBN$zpor$3532006
675 ## $a001.92$vBN$zpor$3295217
700 #1 $aKleeman,$bJenny$31946209
702 #1 $aVeiga,$bSara$4730$31675560
801 #0 $aPT$bBN$gRPC
856 41 $uhttp://rnod.bnportugal.gov.pt/ImagesBN/winlibimg.aspx?skey=&doc=2206057&img=206578&save=true
900 ## $aBIBNAC$d20250410
966 ## $lBN$mFGMON$sP. 69491 V.$x1
966 ## $lBN$mFGMON$sP. 69491 V.-D$x1
971 ## $casantos$d20250225
972 ## $e0$z0$d20250410$viquintas
973 ## $cigoulao$d20250407
974 ## $e0$d20250407$vrsimoes

Etiqueta de registo: 00254nam 2200025 450
001 2285481
003 http://id.bnportugal.gov.pt/bib/catbnp/2285481
010 ## $a978-989-9216-48-8
021 ## $aPT$b560812/26
100 ## $a20260429d2026 m y0pory01030103ba
101 1# $apor$ceng
102 ## $aPT
105 ## $ay z 000yy
106 ## $ar
200 1# $a O preço da vida$eem busca do quanto valemos e de quem decide$fJenny Kleeman$gtrad. Isabel Gouveia
205 ## $a1ª ed
210 #9 $aLisboa$cZigurate,$d2026
215 ## $a311, [1] p.$d23 cm
304 ## $aTít. orig.: The price of life - in search of what we're worth and who decides
675 ## $a172:070$vBN$zpor$32001750
675 ## $a316.4/.6:070$vBN$zpor$32001751
675 ## $a364.614:070$vBN$zpor$32001753
700 #1 $aKleeman,$bJenny$31946209
702 #1 $93$aGouveia,$bIsabel$4730$31997249
801 #0 $aPT$bBN$gRPC
856 41 $uhttp://rnod.bnportugal.gov.pt/ImagesBN/winlibimg.aspx?skey=&doc=2285481&img=223761&save=true
966 ## $lBN$mFGMON$sS.A. 194137 V.$x1
966 ## $lBN$mFGMON$sS.A. 194137 V.-D$x1
971 ## $corlando$d20260429
973 ## $csteixeira$d20260625
974 ## $e0$d20260625$vrsimoes

OpendataBNP@bnportugal.pt | Mais informação sobre acesso aos dados BNP